[Event "DVM U20 2023"]
[Site "Magdeburg GER"]
[Date "2023.12.28"]
[Round "3"]
[White "Nizamova, Rita"]
[Black "Scheinmaier, Mark"]
[Result "1-0"]
[Termination "normal"]
[Board "3.4"]
[WhiteElo "1794"]
[BlackElo "1699"]
[WhiteClock "00:05:38"]
[BlackClock "00:01:29"]
[WhiteTeam "KSV Rochade Göttingen (Veltheim)"]
[BlackTeam "Karlsruher SF 1853"]
[PlyCount "131"]
[WhiteFideId "16221940"]
[BlackFideId "16238958"]
[EventCountry "GER"]
[EventRounds "7"]
[EventType "team-swiss"]
[EventDate "2023.12.26"]

1. e4 {[%clk 01:30:55]} {[%emt 00:00:05]} c5 {[%clk 01:30:45]} {[%emt
00:00:15]} 2. Nf3 {[%clk 01:31:21]} {[%emt 00:00:05]} e6 {[%clk 01:31:10]}
{[%emt 00:00:05]} 3. c4 {[%clk 01:31:47]} {[%emt 00:00:05]} d5 {[%clk
01:25:49]} {[%emt 00:05:50]} 4. cxd5 {[%clk 01:27:01]} {[%emt 00:05:17]} exd5
{[%clk 01:25:52]} {[%emt 00:00:26]} 5. exd5 {[%clk 01:27:20]} {[%emt 00:00:11]}
Nf6 {[%clk 01:25:46]} {[%emt 00:00:36]} 6. Nc3 {[%clk 01:24:28]} {[%emt
00:03:22]} Be7 {[%clk 01:14:50]} {[%emt 00:11:26]} 7. Bc4 {[%clk 01:19:23]}
{[%emt 00:05:35]} Nbd7 {[%clk 01:05:36]} {[%emt 00:09:44]} 8. O-O {[%clk
01:15:57]} {[%emt 00:03:57]} O-O {[%clk 01:04:35]} {[%emt 00:01:31]} 9. d3
{[%clk 01:09:38]} {[%emt 00:06:49]} b6 {[%clk 00:52:56]} {[%emt 00:12:07]} 10.
Bf4 {[%clk 00:50:53]} {[%emt 00:19:15]} Nb8 {[%clk 00:47:28]} {[%emt 00:05:58]}
11. Nb5 {[%clk 00:41:30]} {[%emt 00:09:52]} Ne8 {[%clk 00:47:20]} {[%emt
00:00:38]} 12. Bxb8 {[%clk 00:37:18]} {[%emt 00:04:42]} Rxb8 {[%clk 00:44:51]}
{[%emt 00:03:00]} 13. Nxa7 {[%clk 00:37:20]} {[%emt 00:00:28]} Bd7 {[%clk
00:34:12]} {[%emt 00:11:09]} 14. Ne5 {[%clk 00:34:54]} {[%emt 00:02:55]} Qc7
{[%clk 00:34:04]} {[%emt 00:00:38]} 15. Nxd7 {[%clk 00:32:37]} {[%emt
00:02:48]} Qxd7 {[%clk 00:33:44]} {[%emt 00:00:50]} 16. Nc6 {[%clk 00:32:58]}
{[%emt 00:00:09]} Ra8 {[%clk 00:33:44]} {[%emt 00:00:30]} 17. Re1 {[%clk
00:25:15]} {[%emt 00:08:12]} Bf6 {[%clk 00:32:51]} {[%emt 00:01:23]} 18. Qb3
{[%clk 00:21:28]} {[%emt 00:04:17]} Qc7 {[%clk 00:32:54]} {[%emt 00:00:27]} 19.
Re2 {[%clk 00:19:46]} {[%emt 00:02:12]} Nd6 {[%clk 00:33:00]} {[%emt 00:00:24]}
20. Rae1 {[%clk 00:19:47]} {[%emt 00:00:28]} Nf5 {[%clk 00:32:30]} {[%emt
00:01:00]} 21. a3 {[%clk 00:17:20]} {[%emt 00:02:59]} Qd6 {[%clk 00:32:30]}
{[%emt 00:00:29]} 22. Re4 {[%clk 00:14:40]} {[%emt 00:03:10]} Qc7 {[%clk
00:31:17]} {[%emt 00:01:42]} 23. Qc2 {[%clk 00:14:47]} {[%emt 00:00:24]} Nd4
{[%clk 00:29:21]} {[%emt 00:02:26]} 24. Nxd4 {[%clk 00:14:58]} {[%emt
00:00:19]} Bxd4 {[%clk 00:29:45]} {[%emt 00:00:05]} 25. Re7 {[%clk 00:14:29]}
{[%emt 00:01:00]} Qd6 {[%clk 00:30:06]} {[%emt 00:00:08]} 26. Qe2 {[%clk
00:13:45]} {[%emt 00:01:15]} Qf6 {[%clk 00:26:45]} {[%emt 00:03:51]} 27. d6
{[%clk 00:11:37]} {[%emt 00:02:38]} Qxd6 {[%clk 00:26:17]} {[%emt 00:00:56]}
28. Qf3 {[%clk 00:11:20]} {[%emt 00:00:47]} Qf6 {[%clk 00:24:47]} {[%emt
00:02:01]} 29. Rxf7 {[%clk 00:09:22]} {[%emt 00:02:29]} Qxf3 {[%clk 00:23:15]}
{[%emt 00:02:02]} 30. Rxf3+ {[%clk 00:09:46]} {[%emt 00:00:05]} Kh8 {[%clk
00:23:40]} {[%emt 00:00:05]} 31. Rxf8+ {[%clk 00:09:41]} {[%emt 00:00:35]} Rxf8
{[%clk 00:24:04]} {[%emt 00:00:06]} 32. Re2 {[%clk 00:10:03]} {[%emt 00:00:09]}
h6 {[%clk 00:23:43]} {[%emt 00:00:51]} 33. g3 {[%clk 00:09:59]} {[%emt
00:00:35]} g5 {[%clk 00:19:35]} {[%emt 00:04:37]} 34. Kg2 {[%clk 00:08:42]}
{[%emt 00:01:47]} g4 {[%clk 00:17:39]} {[%emt 00:02:26]} 35. Bd5 {[%clk
00:06:24]} {[%emt 00:02:47]} Kg7 {[%clk 00:16:32]} {[%emt 00:01:38]} 36. f3
{[%clk 00:05:22]} {[%emt 00:01:31]} gxf3+ {[%clk 00:16:32]} {[%emt 00:00:30]}
37. Bxf3 {[%clk 00:05:49]} {[%emt 00:00:04]} Rf6 {[%clk 00:15:33]} {[%emt
00:01:28]} 38. b3 {[%clk 00:05:02]} {[%emt 00:01:18]} Kg6 {[%clk 00:08:19]}
{[%emt 00:07:44]} 39. Re8 {[%clk 00:02:30]} {[%emt 00:03:01]} Bb2 {[%clk
00:06:42]} {[%emt 00:02:07]} 40. Ra8 {[%clk 00:01:33]} {[%emt 00:01:26]} Kf5
{[%clk 00:06:35]} {[%emt 00:00:37]} 41. b4 {[%clk 00:22:36]} {[%emt 00:09:27]}
cxb4 {[%clk 00:35:14]} {[%emt 00:01:51]} 42. axb4 {[%clk 00:22:57]} {[%emt
00:00:09]} Ke5 {[%clk 00:34:20]} {[%emt 00:01:24]} 43. Rc8 {[%clk 00:20:26]}
{[%emt 00:03:00]} Rd6 {[%clk 00:31:06]} {[%emt 00:03:45]} 44. Be4 {[%clk
00:20:21]} {[%emt 00:00:35]} Ba3 {[%clk 00:26:11]} {[%emt 00:05:25]} 45. Rc4
{[%clk 00:13:14]} {[%emt 00:07:37]} Bb2 {[%clk 00:25:30]} {[%emt 00:01:10]} 46.
Kf3 {[%clk 00:12:44]} {[%emt 00:01:02]} Bd4 {[%clk 00:24:07]} {[%emt 00:01:52]}
47. b5 {[%clk 00:11:29]} {[%emt 00:01:45]} Rf6+ {[%clk 00:23:11]} {[%emt
00:01:26]} 48. Kg4 {[%clk 00:11:41]} {[%emt 00:00:18]} Rf2 {[%clk 00:13:16]}
{[%emt 00:10:25]} 49. h4 {[%clk 00:11:55]} {[%emt 00:00:15]} Rb2 {[%clk
00:12:45]} {[%emt 00:01:01]} 50. Rc6 {[%clk 00:11:41]} {[%emt 00:00:44]} Rxb5
{[%clk 00:12:25]} {[%emt 00:00:50]} 51. Rxh6 {[%clk 00:11:47]} {[%emt
00:00:25]} Rb1 {[%clk 00:12:21]} {[%emt 00:00:35]} 52. Rh5+ {[%clk 00:11:01]}
{[%emt 00:01:15]} Kf6 {[%clk 00:12:10]} {[%emt 00:00:42]} 53. Rf5+ {[%clk
00:11:11]} {[%emt 00:00:20]} Kg7 {[%clk 00:12:01]} {[%emt 00:00:39]} 54. Kh5
{[%clk 00:10:29]} {[%emt 00:01:12]} b5 {[%clk 00:12:03]} {[%emt 00:00:27]} 55.
g4 {[%clk 00:10:00]} {[%emt 00:01:00]} b4 {[%clk 00:11:37]} {[%emt 00:00:57]}
56. Bd5 {[%clk 00:09:39]} {[%emt 00:00:50]} Ra1 {[%clk 00:07:04]} {[%emt
00:05:04]} 57. Rf7+ {[%clk 00:09:32]} {[%emt 00:00:36]} Kh8 {[%clk 00:06:57]}
{[%emt 00:00:37]} 58. g5 {[%clk 00:09:36]} {[%emt 00:00:25]} Ra6 {[%clk
00:05:27]} {[%emt 00:02:00]} 59. g6 {[%clk 00:08:45]} {[%emt 00:01:22]} Bg7
{[%clk 00:05:04]} {[%emt 00:00:53]} 60. Rd7 {[%clk 00:06:17]} {[%emt 00:02:57]}
Ra5 {[%clk 00:04:08]} {[%emt 00:01:26]} 61. Kg4 {[%clk 00:05:53]} {[%emt
00:00:55]} Ra4 {[%clk 00:01:51]} {[%emt 00:02:47]} 62. Rd8+ {[%clk 00:05:01]}
{[%emt 00:01:21]} Bf8 {[%clk 00:02:18]} {[%emt 00:00:04]} 63. Rxf8+ {[%clk
00:05:16]} {[%emt 00:00:16]} Kg7 {[%clk 00:02:44]} {[%emt 00:00:03]} 64. Ra8
{[%clk 00:04:58]} {[%emt 00:00:48]} Rxa8 {[%clk 00:01:09]} {[%emt 00:02:05]}
65. Bxa8 {[%clk 00:05:27]} {[%emt 00:00:02]} b3 {[%clk 00:01:29]} {[%emt
00:00:09]} 66. Be4 {[%clk 00:05:38]} {[%emt 00:00:19]} 1-0

[Event "DVM U20 2023"]
[Site "Magdeburg GER"]
[Date "2023.12.28"]
[Round "3"]
[White "Gülsen, Sinan Yilmaz"]
[Black "Tulchynsky, David"]
[Result "0-1"]
[Termination "normal"]
[Board "3.5"]
[WhiteElo "1314"]
[BlackElo "1748"]
[WhiteClock "00:00:56"]
[BlackClock "00:23:20"]
[WhiteTeam "Karlsruher SF 1853"]
[BlackTeam "KSV Rochade Göttingen (Veltheim)"]
[PlyCount "64"]
[WhiteFideId "34606017"]
[BlackFideId "16289560"]
[EventCountry "GER"]
[EventRounds "7"]
[EventType "team-swiss"]
[EventDate "2023.12.26"]

1. e4 {[%clk 01:30:52]} {[%emt 00:00:07]} c5 {[%clk 01:31:26]} {[%emt
00:00:05]} 2. Nf3 {[%clk 01:31:15]} {[%emt 00:00:06]} d6 {[%clk 01:31:35]}
{[%emt 00:00:22]} 3. d4 {[%clk 01:31:19]} {[%emt 00:00:24]} cxd4 {[%clk
01:32:01]} {[%emt 00:00:05]} 4. Nxd4 {[%clk 01:31:43]} {[%emt 00:00:06]} Nf6
{[%clk 01:32:28]} {[%emt 00:00:04]} 5. Nc3 {[%clk 01:32:01]} {[%emt 00:00:12]}
g6 {[%clk 01:32:20]} {[%emt 00:00:37]} 6. Be3 {[%clk 01:31:42]} {[%emt
00:00:49]} Bg7 {[%clk 01:32:45]} {[%emt 00:00:05]} 7. f3 {[%clk 01:31:56]}
{[%emt 00:00:16]} Nc6 {[%clk 01:32:45]} {[%emt 00:00:30]} 8. Nb3 {[%clk
01:21:05]} {[%emt 00:11:21]} Be6 {[%clk 01:27:52]} {[%emt 00:05:23]} 9. Nd5
{[%clk 01:20:51]} {[%emt 00:00:44]} Bxd5 {[%clk 01:22:40]} {[%emt 00:05:42]}
10. exd5 {[%clk 01:21:10]} {[%emt 00:00:11]} Ne5 {[%clk 01:22:56]} {[%emt
00:00:14]} 11. f4 {[%clk 01:08:19]} {[%emt 00:13:21]} Ned7 {[%clk 01:22:55]}
{[%emt 00:00:31]} 12. Qf3 {[%clk 01:08:39]} {[%emt 00:00:10]} Qc7 {[%clk
01:16:19]} {[%emt 00:07:06]} 13. Rc1 {[%clk 00:53:01]} {[%emt 00:16:06]} O-O
{[%clk 00:58:43]} {[%emt 00:18:07]} 14. g4 {[%clk 00:43:35]} {[%emt 00:09:55]}
e5 {[%clk 00:59:00]} {[%emt 00:00:14]} 15. f5 {[%clk 00:44:00]} {[%emt
00:00:07]} e4 {[%clk 00:59:21]} {[%emt 00:00:08]} 16. Qd1 {[%clk 00:41:50]}
{[%emt 00:02:39]} Ne5 {[%clk 00:56:23]} {[%emt 00:03:29]} 17. h3 {[%clk
00:39:45]} {[%emt 00:02:34]} Nf3+ {[%clk 00:56:13]} {[%emt 00:00:39]} 18. Kf2
{[%clk 00:39:48]} {[%emt 00:00:26]} gxf5 {[%clk 00:56:12]} {[%emt 00:00:32]}
19. Nd4 {[%clk 00:29:50]} {[%emt 00:10:28]} fxg4 {[%clk 00:54:00]} {[%emt
00:02:43]} 20. Nxf3 {[%clk 00:30:40]} {[%emt 00:00:09]} gxf3 {[%clk 00:54:12]}
{[%emt 00:00:48]} 21. Rg1 {[%clk 00:31:07]} {[%emt 00:00:02]} Kh8 {[%clk
00:53:34]} {[%emt 00:01:09]} 22. Rxg7 {[%clk 00:31:30]} {[%emt 00:00:07]} Kxg7
{[%clk 00:52:55]} {[%emt 00:01:08]} 23. Qd4 {[%clk 00:09:36]} {[%emt 00:22:24]}
Qe7 {[%clk 00:49:21]} {[%emt 00:04:04]} 24. Bf4 {[%clk 00:10:00]} {[%emt
00:00:07]} Kg6 {[%clk 00:33:14]} {[%emt 00:16:37]} 25. Bd3 {[%clk 00:06:42]}
{[%emt 00:03:46]} Kf5 {[%clk 00:32:03]} {[%emt 00:01:43]} 26. Re1 {[%clk
00:06:32]} {[%emt 00:00:39]} Rg8 {[%clk 00:26:46]} {[%emt 00:05:48]} 27. Rxe4
{[%clk 00:06:08]} {[%emt 00:00:54]} Nxe4+ {[%clk 00:26:50]} {[%emt 00:00:26]}
28. Kxf3 {[%clk 00:06:30]} {[%emt 00:00:07]} Rae8 {[%clk 00:26:25]} {[%emt
00:00:54]} 29. h4 {[%clk 00:02:01]} {[%emt 00:04:59]} Rg4 {[%clk 00:26:09]}
{[%emt 00:00:47]} 30. Qe3 {[%clk 00:01:46]} {[%emt 00:00:45]} Rxh4 {[%clk
00:25:09]} {[%emt 00:01:30]} 31. Bg3 {[%clk 00:01:23]} {[%emt 00:00:52]} Qg5
{[%clk 00:23:20]} {[%emt 00:02:19]} 32. Bxh4 {[%clk 00:00:56]} {[%emt
00:00:58]} Qg4# {[%emt 00:00:06]} 0-1

[Event "DVM U20 2023"]
[Site "Magdeburg GER"]
[Date "2023.12.28"]
[Round "3"]
[White "Tulchynsky, Mark"]
[Black "Scheifel, Maximilian"]
[Result "1-0"]
[Termination "normal"]
[Board "3.6"]
[WhiteElo "1625"]
[BlackElo "1760"]
[WhiteClock "00:26:37"]
[BlackClock "00:29:33"]
[WhiteTeam "KSV Rochade Göttingen (Veltheim)"]
[BlackTeam "Karlsruher SF 1853"]
[PlyCount "107"]
[WhiteFideId "34617698"]
[BlackFideId "16279433"]
[EventCountry "GER"]
[EventRounds "7"]
[EventType "team-swiss"]
[EventDate "2023.12.26"]

1. e4 {[%clk 01:30:58]} {[%emt 00:00:02]} c6 {[%clk 01:30:47]} {[%emt
00:00:13]} 2. d4 {[%clk 01:31:18]} {[%emt 00:00:10]} d5 {[%clk 01:31:02]}
{[%emt 00:00:16]} 3. exd5 {[%clk 01:31:37]} {[%emt 00:00:11]} cxd5 {[%clk
01:31:31]} {[%emt 00:00:01]} 4. c4 {[%clk 01:31:57]} {[%emt 00:00:09]} e6
{[%clk 01:30:07]} {[%emt 00:01:53]} 5. Nc3 {[%clk 01:32:08]} {[%emt 00:00:20]}
Bb4 {[%clk 01:29:51]} {[%emt 00:00:46]} 6. Nf3 {[%clk 01:31:59]} {[%emt
00:00:40]} Nf6 {[%clk 01:24:53]} {[%emt 00:05:27]} 7. Bd3 {[%clk 01:27:12]}
{[%emt 00:05:17]} dxc4 {[%clk 01:14:54]} {[%emt 00:10:30]} 8. Bxc4 {[%clk
01:27:06]} {[%emt 00:00:35]} Nbd7 {[%clk 01:11:10]} {[%emt 00:04:14]} 9. Qb3
{[%clk 01:14:23]} {[%emt 00:13:13]} Be7 {[%clk 01:05:25]} {[%emt 00:06:15]} 10.
O-O {[%clk 00:52:39]} {[%emt 00:22:15]} O-O {[%clk 00:59:54]} {[%emt 00:06:01]}
11. Bf4 {[%clk 00:47:27]} {[%emt 00:05:41]} a6 {[%clk 00:55:14]} {[%emt
00:05:10]} 12. Rfe1 {[%clk 00:35:39]} {[%emt 00:12:19]} b5 {[%clk 00:54:48]}
{[%emt 00:00:55]} 13. Bxe6 {[%clk 00:31:38]} {[%emt 00:04:32]} fxe6 {[%clk
00:49:00]} {[%emt 00:06:19]} 14. Qxe6+ {[%clk 00:31:54]} {[%emt 00:00:13]} Kh8
{[%clk 00:49:00]} {[%emt 00:00:31]} 15. Qxe7 {[%clk 00:32:01]} {[%emt
00:00:22]} Qxe7 {[%clk 00:49:02]} {[%emt 00:00:28]} 16. Rxe7 {[%clk 00:32:01]}
{[%emt 00:00:31]} b4 {[%clk 00:49:25]} {[%emt 00:00:06]} 17. Ne2 {[%clk
00:28:07]} {[%emt 00:04:26]} Nd5 {[%clk 00:47:05]} {[%emt 00:02:49]} 18. Re4
{[%clk 00:28:16]} {[%emt 00:00:21]} N7f6 {[%clk 00:39:53]} {[%emt 00:07:42]}
19. Re5 {[%clk 00:25:40]} {[%emt 00:03:05]} Nxf4 {[%clk 00:39:46]} {[%emt
00:00:39]} 20. Nxf4 {[%clk 00:26:08]} {[%emt 00:00:02]} Ng4 {[%clk 00:39:28]}
{[%emt 00:00:47]} 21. Re7 {[%clk 00:22:26]} {[%emt 00:04:13]} Nh6 {[%clk
00:36:50]} {[%emt 00:03:07]} 22. Nd3 {[%clk 00:17:50]} {[%emt 00:05:06]} Nf5
{[%clk 00:34:55]} {[%emt 00:02:25]} 23. Rc7 {[%clk 00:16:56]} {[%emt 00:01:23]}
a5 {[%clk 00:34:33]} {[%emt 00:00:53]} 24. Nc5 {[%clk 00:14:42]} {[%emt
00:02:44]} Nd6 {[%clk 00:32:15]} {[%emt 00:02:49]} 25. Re1 {[%clk 00:13:00]}
{[%emt 00:02:11]} Bf5 {[%clk 00:28:36]} {[%emt 00:04:10]} 26. Ree7 {[%clk
00:08:53]} {[%emt 00:04:37]} Nb5 {[%clk 00:23:55]} {[%emt 00:05:09]} 27. Rb7
{[%clk 00:08:33]} {[%emt 00:00:51]} Nd6 {[%clk 00:24:00]} {[%emt 00:00:25]} 28.
Ra7 {[%clk 00:08:21]} {[%emt 00:00:42]} Rac8 {[%clk 00:21:19]} {[%emt
00:03:12]} 29. h4 {[%clk 00:03:39]} {[%emt 00:05:11]} Rfd8 {[%clk 00:18:48]}
{[%emt 00:03:00]} 30. Ng5 {[%clk 00:02:34]} {[%emt 00:01:36]} h6 {[%clk
00:17:41]} {[%emt 00:01:38]} 31. Nge6 {[%clk 00:02:36]} {[%emt 00:00:27]} Re8
{[%clk 00:17:22]} {[%emt 00:00:48]} 32. Nxg7 {[%clk 00:01:33]} {[%emt
00:01:34]} Rxe7 {[%clk 00:16:54]} {[%emt 00:00:58]} 33. Rxe7 {[%clk 00:02:02]}
{[%emt 00:00:03]} Bb1 {[%clk 00:17:09]} {[%emt 00:00:13]} 34. a3 {[%clk
00:01:44]} {[%emt 00:00:49]} bxa3 {[%clk 00:16:57]} {[%emt 00:00:42]} 35. bxa3
{[%clk 00:02:13]} {[%emt 00:00:01]} Nb5 {[%clk 00:17:08]} {[%emt 00:00:19]} 36.
a4 {[%clk 00:02:25]} {[%emt 00:00:18]} Nxd4 {[%clk 00:17:22]} {[%emt 00:00:16]}
37. Nb7 {[%clk 00:02:06]} {[%emt 00:00:48]} Nc6 {[%clk 00:17:15]} {[%emt
00:00:37]} 38. Re8+ {[%clk 00:01:53]} {[%emt 00:00:43]} Rxe8 {[%clk 00:16:56]}
{[%emt 00:00:49]} 39. Nxe8 {[%clk 00:02:22]} {[%emt 00:00:01]} Kg8 {[%clk
00:14:18]} {[%emt 00:03:08]} 40. Nf6+ {[%clk 00:01:36]} {[%emt 00:01:15]} Kf7
{[%clk 00:14:19]} {[%emt 00:00:30]} 41. Ng4 {[%clk 00:01:40]} {[%emt 00:00:25]}
h5 {[%clk 00:14:16]} {[%emt 00:00:33]} 42. Ne3 {[%clk 00:02:08]} {[%emt
00:00:02]} Ba2 {[%clk 00:12:54]} {[%emt 00:01:51]} 43. f3 {[%clk 00:01:54]}
{[%emt 00:00:46]} Kf6 {[%clk 00:09:41]} {[%emt 00:03:41]} 44. g4 {[%clk
00:27:26]} {[%emt 00:05:00]} Ne5 {[%clk 00:33:42]} {[%emt 00:06:29]} 45. Kf2
{[%clk 00:26:23]} {[%emt 00:01:29]} Nd3+ {[%clk 00:33:45]} {[%emt 00:00:31]}
46. Kg3 {[%clk 00:26:36]} {[%emt 00:00:18]} Nb2 {[%clk 00:33:22]} {[%emt
00:00:51]} 47. g5+ {[%clk 00:26:03]} {[%emt 00:01:04]} Kg6 {[%clk 00:33:24]}
{[%emt 00:00:27]} 48. Nc5 {[%clk 00:25:06]} {[%emt 00:01:27]} Bf7 {[%clk
00:31:55]} {[%emt 00:01:59]} 49. f4 {[%clk 00:25:01]} {[%emt 00:00:37]} Be8
{[%clk 00:31:57]} {[%emt 00:00:26]} 50. f5+ {[%clk 00:25:25]} {[%emt 00:00:07]}
Kf7 {[%clk 00:31:56]} {[%emt 00:00:31]} 51. Kf4 {[%clk 00:25:19]} {[%emt
00:00:37]} Nxa4 {[%clk 00:29:37]} {[%emt 00:02:48]} 52. Nxa4 {[%clk 00:25:43]}
{[%emt 00:00:05]} Bxa4 {[%clk 00:29:56]} {[%emt 00:00:11]} 53. Nc4 {[%clk
00:26:12]} {[%emt 00:00:01]} Bd1 {[%clk 00:29:33]} {[%emt 00:00:53]} 54. Nxa5
{[%clk 00:26:37]} {[%emt 00:00:05]} 1-0

[Event "DVM U20 2023"]
[Site "Magdeburg GER"]
[Date "2023.12.28"]
[Round "3"]
[White "Matthäi, Jakob"]
[Black "Bethke, Richard"]
[Result "0-1"]
[Termination "normal"]
[Board "4.1"]
[BlackTitle "FM"]
[WhiteElo "2076"]
[BlackElo "2354"]
[WhiteClock "00:17:27"]
[BlackClock "00:50:24"]
[WhiteTeam "USG Chemnitz"]
[BlackTeam "SF Neuberg"]
[PlyCount "80"]
[WhiteFideId "16240421"]
[BlackFideId "12959243"]
[EventCountry "GER"]
[EventRounds "7"]
[EventType "team-swiss"]
[EventDate "2023.12.26"]

1. e4 {[%clk 01:30:54]} {[%emt 00:00:05]} e5 {[%clk 01:30:57]} {[%emt
00:00:03]} 2. Nf3 {[%clk 01:31:17]} {[%emt 00:00:07]} Nc6 {[%clk 01:31:24]}
{[%emt 00:00:04]} 3. Bb5 {[%clk 01:31:09]} {[%emt 00:00:36]} a6 {[%clk
01:31:49]} {[%emt 00:00:04]} 4. Ba4 {[%clk 01:30:17]} {[%emt 00:01:22]} Nf6
{[%clk 01:31:18]} {[%emt 00:01:01]} 5. O-O {[%clk 01:30:32]} {[%emt 00:00:14]}
b5 {[%clk 01:30:14]} {[%emt 00:01:35]} 6. Bb3 {[%clk 01:30:57]} {[%emt
00:00:05]} Be7 {[%clk 01:30:40]} {[%emt 00:00:04]} 7. Re1 {[%clk 01:31:18]}
{[%emt 00:00:09]} d6 {[%clk 01:30:41]} {[%emt 00:00:30]} 8. h3 {[%clk
01:31:37]} {[%emt 00:00:10]} O-O {[%clk 01:30:15]} {[%emt 00:00:56]} 9. c3
{[%clk 01:32:02]} {[%emt 00:00:06]} Bb7 {[%clk 01:30:14]} {[%emt 00:00:30]} 10.
d4 {[%clk 01:31:18]} {[%emt 00:01:14]} Nd7 {[%clk 01:30:39]} {[%emt 00:00:05]}
11. Nbd2 {[%clk 01:30:12]} {[%emt 00:01:37]} Re8 {[%clk 01:31:02]} {[%emt
00:00:07]} 12. Nf1 {[%clk 01:29:25]} {[%emt 00:01:16]} Bf6 {[%clk 01:30:24]}
{[%emt 00:01:08]} 13. Ng3 {[%clk 01:27:31]} {[%emt 00:02:24]} g6 {[%clk
01:30:48]} {[%emt 00:00:06]} 14. d5 {[%clk 01:21:50]} {[%emt 00:06:11]} Na5
{[%clk 01:30:54]} {[%emt 00:00:24]} 15. Bc2 {[%clk 01:22:10]} {[%emt 00:00:11]}
Nb6 {[%clk 01:30:42]} {[%emt 00:00:41]} 16. Nh2 {[%clk 01:15:31]} {[%emt
00:07:09]} Bg7 {[%clk 01:25:30]} {[%emt 00:05:42]} 17. Ng4 {[%clk 01:13:26]}
{[%emt 00:02:34]} c6 {[%clk 01:20:22]} {[%emt 00:05:39]} 18. dxc6 {[%clk
01:10:47]} {[%emt 00:03:10]} Nxc6 {[%clk 01:19:52]} {[%emt 00:00:59]} 19. Qf3
{[%clk 01:04:55]} {[%emt 00:06:23]} Qh4 {[%clk 01:16:20]} {[%emt 00:04:01]} 20.
Ne3 {[%clk 00:58:55]} {[%emt 00:06:31]} Ne7 {[%clk 01:13:40]} {[%emt 00:03:10]}
21. Bb3 {[%clk 00:56:46]} {[%emt 00:02:38]} Rf8 {[%clk 01:02:39]} {[%emt
00:11:31]} 22. Qg4 {[%clk 00:45:16]} {[%emt 00:12:00]} Qxg4 {[%clk 00:57:12]}
{[%emt 00:05:58]} 23. Nxg4 {[%clk 00:45:18]} {[%emt 00:00:27]} Kh8 {[%clk
00:57:05]} {[%emt 00:00:38]} 24. Nh2 {[%clk 00:29:50]} {[%emt 00:15:57]} f5
{[%clk 00:54:53]} {[%emt 00:02:43]} 25. Bg5 {[%clk 00:28:26]} {[%emt 00:01:52]}
Rae8 {[%clk 00:54:34]} {[%emt 00:00:49]} 26. exf5 {[%clk 00:27:13]} {[%emt
00:01:44]} Nxf5 {[%clk 00:54:14]} {[%emt 00:00:50]} 27. Nxf5 {[%clk 00:26:52]}
{[%emt 00:00:50]} gxf5 {[%clk 00:53:06]} {[%emt 00:01:38]} 28. Rad1 {[%clk
00:25:39]} {[%emt 00:01:43]} d5 {[%clk 00:53:11]} {[%emt 00:00:26]} 29. Be3
{[%clk 00:23:40]} {[%emt 00:02:29]} Nc4 {[%clk 00:52:52]} {[%emt 00:00:49]} 30.
Bxc4 {[%clk 00:23:49]} {[%emt 00:00:22]} bxc4 {[%clk 00:53:13]} {[%emt
00:00:09]} 31. f4 {[%clk 00:24:05]} {[%emt 00:00:14]} d4 {[%clk 00:53:13]}
{[%emt 00:00:31]} 32. cxd4 {[%clk 00:20:08]} {[%emt 00:04:26]} exd4 {[%clk
00:53:36]} {[%emt 00:00:06]} 33. Bf2 {[%clk 00:19:01]} {[%emt 00:01:38]} c3
{[%clk 00:48:57]} {[%emt 00:05:08]} 34. bxc3 {[%clk 00:18:09]} {[%emt
00:01:22]} dxc3 {[%clk 00:49:22]} {[%emt 00:00:05]} 35. Nf3 {[%clk 00:17:46]}
{[%emt 00:00:53]} Bxf3 {[%clk 00:48:32]} {[%emt 00:01:20]} 36. gxf3 {[%clk
00:18:04]} {[%emt 00:00:12]} c2 {[%clk 00:49:00]} {[%emt 00:00:03]} 37. Rc1
{[%clk 00:18:26]} {[%emt 00:00:08]} Rxe1+ {[%clk 00:49:19]} {[%emt 00:00:10]}
38. Rxe1 {[%clk 00:18:47]} {[%emt 00:00:09]} Bb2 {[%clk 00:49:40]} {[%emt
00:00:09]} 39. Be3 {[%clk 00:18:51]} {[%emt 00:00:26]} Re8 {[%clk 00:50:00]}
{[%emt 00:00:09]} 40. Kf2 {[%clk 00:17:27]} {[%emt 00:01:55]} Rxe3 {[%clk
00:50:24]} {[%emt 00:00:06]} 0-1